| 000 | 00909nam a2200277Ia 4500 | ||
|---|---|---|---|
| 003 | OSt | ||
| 005 | 20221005081234.0 | ||
| 006 | a|||||r|||| 00| 0 | ||
| 007 | ta | ||
| 008 | 221004b |||||||| |||| 00| 0 eng d | ||
| 020 |
_a9789386552020 (pbk) _c575.00 |
||
| 024 | _a33690 | ||
| 037 |
_bIN/2017-2018/1279, 13/09/2017, Selectbook Service Syndicate _cTextual |
||
| 040 |
_aCRL _cCRL _beng |
||
| 041 |
_2eng _aeng |
||
| 082 | _aV2, Q7 | ||
| 100 | _aRoy Himanshu Ed. | ||
| 245 | 0 | _aState politics in India | |
| 260 |
_aNew Delhi _bPrimus Books India _c2017 |
||
| 300 |
_axii,919p. _ccm. |
||
| 650 | _aINDIA - HISTORY | ||
| 700 |
_a Chouhan A.P.S Ed. _9610898 |
||
| 700 | _a Singh Mahendra Prasad Ed. | ||
| 942 |
_hV2, Q7 _cTEXL _2cc |
||
| 999 |
_c987394 _d987394 |
||